ESOPs : (Record no. 202337)
[ view plain ]
| 000 -LEADER | |
|---|---|
| fixed length control field | 01040nam a2200229Ia 4500 |
| 005 - DATE AND TIME OF LATEST TRANSACTION | |
| control field | 20260316162316.0 |
| 008 - FIXED-LENGTH DATA ELEMENTS--GENERAL INFORMATION | |
| fixed length control field | 210716s2005 xx 000 0 und d |
| 020 ## - INTERNATIONAL STANDARD BOOK NUMBER | |
| International Standard Book Number | 8178814994 |
| 040 ## - CATALOGING SOURCE | |
| Transcribing agency | AIMIT LIBRARY |
| 041 ## - LANGUAGE CODE | |
| Language code of text/sound track or separate title | eng |
| 082 ## - DEWEY DECIMAL CLASSIFICATION NUMBER | |
| Classification number | 001.072332 |
| Edition number | 1 |
| Item number | RAMV |
| 245 ## - TITLE STATEMENT | |
| Title | ESOPs : |
| Remainder of title | an introduction / |
| Statement of responsibility, etc. | Edited by V V Ramani. |
| 250 ## - EDITION STATEMENT | |
| Edition statement | 1st ed. |
| 260 ## - PUBLICATION, DISTRIBUTION, ETC. | |
| Place of publication, distribution, etc. | New Delhi : |
| Name of publisher, distributor, etc. | ICFAI University Press , |
| Date of publication, distribution, etc. | 2005. |
| 300 ## - PHYSICAL DESCRIPTION | |
| Extent | viii,204p. ; |
| Other physical details | PB |
| Dimensions | 24 cm |
| 500 ## - GENERAL NOTE | |
| General note | Book Summary of ESOPs - An Introduction To give employees a legitimate stake in the company, increase their dedication to the job, and prevent them from job-hopping, the Employees Stock Ownership/Option Plans (ESOPs) were introduced. This book educates the readers on the history of ESOPs, their pros and cons, and the latest rule concerning ESOPs?"expense stock options. |
| 650 ## - SUBJECT ADDED ENTRY--TOPICAL TERM | |
| Topical term or geographic name entry element | Introduction |
| 9 (RLIN) | 185338 |
| 650 ## - SUBJECT ADDED ENTRY--TOPICAL TERM | |
| Topical term or geographic name entry element | To expense or not to |
| 9 (RLIN) | 185339 |
| 650 ## - SUBJECT ADDED ENTRY--TOPICAL TERM | |
| Topical term or geographic name entry element | The road ahed |
| 9 (RLIN) | 185340 |
| 700 ## - ADDED ENTRY--PERSONAL NAME | |
| Personal name | Ramani, V V., ed. |
| 9 (RLIN) | 185341 |
| 942 ## - ADDED ENTRY ELEMENTS (KOHA) | |
| Source of classification or shelving scheme | Dewey Decimal Classification |
| Koha item type | Book |
| Edition | 1st |
| Call number prefix | 001.072332 RAMV |
| Withdrawn status | Lost status | Source of classification or shelving scheme | Damaged status | Not for loan | Collection code | Home library | Current library | Date acquired | Cost, normal purchase price | Inventory number | Total Checkouts | Full call number | Barcode | Date last seen | Cost, replacement price | Price effective from | Koha item type |
|---|---|---|---|---|---|---|---|---|---|---|---|---|---|---|---|---|---|
| Dewey Decimal Classification | MBA | St Aloysius Institute of Management & Information Technology | St Aloysius Institute of Management & Information Technology | 11/15/2005 | 300.00 | Bill no:IP/MG-I/002/10/05; Bill | 001.072332 RAMV | MBA02215 | 07/21/2025 | 225.00 | 07/16/2021 | Book | |||||
| Dewey Decimal Classification | MBA | St Aloysius Institute of Management & Information Technology | St Aloysius Institute of Management & Information Technology | 03/03/2008 | 400.00 | Bill no:193/BK/SA/08; Bill dt:20 | 001.072332 RAMV | MBA04903 | 07/21/2025 | 200.00 | 07/16/2021 | Book |